| 000 | 00677nam a2200241Ia 4500 | ||
|---|---|---|---|
| 003 | OSt | ||
| 005 | 20220925203503.0 | ||
| 006 | a|||||r|||| 00| 0 | ||
| 007 | ta | ||
| 008 | 220923b |||||||| |||| 00| 0 eng d | ||
| 037 | _cGeneral Book | ||
| 040 |
_aRTL _cRTL _beng |
||
| 041 |
_2eng _aeng |
||
| 082 | _aY:423.56.N6, K8.1 | ||
| 100 |
_aWalker Nigel _986406 |
||
| 245 | 0 | _aCrime and insanity in England | |
| 260 |
_aEdinburgh _buniversity press _c1968 |
||
| 300 |
_a302p _ccm. |
||
| 490 | _vV1; The historical perspective | ||
| 650 |
_aAlcoholism _9247596 |
||
| 942 |
_hY:423.56.N6, K8.1 _cGB _2CC |
||
| 999 |
_c546681 _d546681 |
||